000 00455nab a2200145Ia 4500
003 ES-SlBCS
005 20210601134620.0
008 140529s1982 xxu||||| |||| 00| 0 spa d
041 _aspa
100 1 _aRodríguez, Julián
_974656
245 0 0 _aDesde el contorno positivista latinoamericano
_c Julián Rodríguez
650 0 4 _aContorno Positivista Latinoamericano
_9220455
773 0 _tAnthropos
_gvol. 3, nº. 4, 1982, págs. 21-49
_wRev38
942 _cAR
999 _c615321
_d615321